Katka / [autorka:] Gabriela Zapolska, [pseud.] ; z pol. orig. Kaśka Kariatyda přel. Vendulka Zapletalová
Record details
- Physical Description: 353, [2] s. ; 8°
- Edition: 1. vyd. v Lid. nakl.
- Publisher: Praha : Lidové nakladatelství, 1970
Content descriptions
| General Note: | Obálku s použitím kresby Vladimíra Hamra a vazbu navrhl Leo Novotný Vl. jm. autorky: Korwin-Piotrowska, Gabriela 25000 výt. |
Search for related items by series
Available copies
- 1 of 1 copy available at Common Catalog SPOK.
Holds
- 0 current holds with 1 total copy.
Show Only Available Copies
| Location | Call Number / Copy Notes | Barcode | Shelving Location | Status | Due Date |
|---|---|---|---|---|---|
| KDS Library | 810 ZaG | 204576801519 | Library | Available | - |
| LDR | 01053nam a22003011 4500 | ||
|---|---|---|---|
| 001 | 21202 | ||
| 003 | CZ-PrJAB | ||
| 005 | 20150713114713.0 | ||
| 008 | 970806s1970 xr cze | ||
| 015 | . | ‡acnb000158857 | |
| 020 | . | ‡q(Váz.) : ‡cKčs 22,00 | |
| 035 | . | ‡a(CZ PrNK)bk197000870 | |
| 035 | . | ‡a(OCoLC)85225976 | |
| 040 | . | ‡aABA001 ‡bcze ‡cULG001 ‡dABA001 | |
| 041 | 1 | . | ‡acze ‡hpol |
| 080 | . | ‡a884-311.2-311.1 ‡2undef | |
| 100 | 1 | . | ‡aZapolska, Gabriela, ‡d1857-1921 ‡7jn20000710652 ‡4aut |
| 245 | 1 | 0. | ‡aKatka / ‡c[autorka:] Gabriela Zapolska, [pseud.] ; z pol. orig. Kaśka Kariatyda přel. Vendulka Zapletalová |
| 250 | . | ‡a1. vyd. v Lid. nakl. | |
| 260 | . | ‡aPraha : ‡bLidové nakladatelství, ‡c1970 ‡e(Brno : ‡fTisk 2) | |
| 300 | . | ‡a353, [2] s. ; ‡c8° | |
| 490 | 1 | . | ‡aKnihy Srdce ; ‡vSv. 4 |
| 500 | . | ‡aObálku s použitím kresby Vladimíra Hamra a vazbu navrhl Leo Novotný | |
| 500 | . | ‡aVl. jm. autorky: Korwin-Piotrowska, Gabriela | |
| 500 | . | ‡a25000 výt. | |
| 700 | 1 | . | ‡aZapletalová, Vendulka, ‡d1917- ‡7jk01152138 ‡4trl |
| 830 | 0. | ‡aKnihy Srdce | |
| 910 | . | ‡aABE463 | |
| 998 | . | ‡a000158857 | |
| 901 | . | ‡a21202 ‡b ‡c21202 ‡tbiblio | |